Bon Jovi - Wanted Dead Or Alive Lyrics Quiz - Statistics

General Stats
  • This quiz has been taken 25 times
  • The average score is 23 of 29
Answer Stats
Lyrics % Correct
And I'm a {cowboy}
100%
'Cause I'm a {cowboy}
100%
Dead or {alive}
100%
Dead or {alive}
100%
Dead or {alive}
100%
Dead or {alive}
100%
I'm a {cowboy}
100%
I'm {wanted} dead or alive
100%
I'm wanted (wanted) {dead} or alive
100%
I'm {wanted} ({wanted}) dead or alive
100%
{Wanted} dead or alive
100%
On a {steel} {horse} I ride
95%
On a {steel} {horse}, I ride
95%
But I walk these {streets}, a loaded six-string on my back
86%
I'd drive all night just to get back {home}
86%
It's all the same, only {the} {names} will change
86%
I've seen a {million} faces and I've rocked them all
86%
Sometimes I {sleep}, sometimes it's not for days
86%
Every day {it} {seems} we're wastin' away
82%
Sometimes you tell the day by the {bottle} that you drink
73%
{Another} {place} where the faces are so cold
64%
I play {for} {keeps} 'cause I might not make it back
64%
And I {ride} (and I {ride}), dead or alive
59%
And {times} {when} you're alone, well, all you do is think
59%
I got the {night} on my side
59%
Oh, and I {ride}
59%
The people I meet {always} {go} their separate ways
50%
I still {drive} (still {drive}), dead or alive
27%
I've been everywhere, (oh yeah) still I'm {standin'} {tall}
27%
No matching quizzes found
Score Distribution
Percent of People with Each Score
Percentile by Number Answered
Your Score History
You have not taken this quiz